00518 2200169 4500001002100000005001500021035002000036007000300056008003900059082000700098084001300105100002500118245012400143260004600267650002000313990001500333INLIS00000000000988120260413123336 a0010-0426000186ta260413 | | |  a11 a11 AKH s0 aAKHMAD NURUL FIRDAUS1 aSTRATEGI PERENCANAAN PELATIHAN DALAM PENINGKATAN KINERJA PEGAWAII DI BAPPEDA KABUPATEN SUKAMARA /cAKHMAD NURUL FIRDAUS aPALANGKA RAYA :bPERPUSTAKAAN UMPR,c2026 4aKINERJA PEGAWAI a2311228834